LEADER 05101nam 22006975 450 001 9910484094003321 005 20230412151142.0 010 $a3-030-57004-5 024 7 $a10.1007/978-3-030-57004-0 035 $a(CKB)4100000011946541 035 $a(MiAaPQ)EBC6629012 035 $a(Au-PeEL)EBL6629012 035 $a(OCoLC)1252845679 035 $a(DE-He213)978-3-030-57004-0 035 $a(EXLCZ)994100000011946541 100 $a20210522d2021 u| 0 101 0 $aeng 135 $aurcnu|||||||| 181 $ctxt$2rdacontent 182 $cc$2rdamedia 183 $acr$2rdacarrier 200 10$aUnraveling the complexity of SE /$fedited by Grant Armstrong, Jonathan E. MacDonald 205 $a1st ed. 2021. 210 1$aCham :$cSpringer International Publishing :$cImprint: Springer,$d2021. 215 $a1 online resource (352 pages) 225 1 $aStudies in Natural Language and Linguistic Theory,$x2215-0358 ;$v99 311 $a3-030-57003-7 320 $aIncludes bibliographical references. 327 $aChapter 1. A guide to understanding SE constructions: where they come from and how they are connected (Grant Armstrong and Jonathan MacDonald) -- Part I: Diachronic perspectives -- Chapter 2. The development of SE from Latin to Spanish and the reflexive object cycle (Matthew Maddox) -- Chapter 3. Null-Subjects and se revisited: what medieval Romance varieties reveal (Anne Wolfsgruber) -- Part II: Voice/little v and above -- Chapter 4. On (un)grammatical clitic sequences in impersonal se constructions (Jonathan E. MacDonald and Jeriel Melgares) -- Chapter 5. Implicit agents and the Person Constraint on SE-passives (Carmen Dobrovie-Sorin) -- Chapter 6. On the nature of the impersonal SE: case, interpretation and variation (Francisco Ordóñez) -- Chapter 7. Personal SE with unergatives in Romanian (Monica Irimia and Virginia Hill) -- Part III: Voice/little v and below -- Chapter 8. On a class of figure reflexives in Romanian: Ion se spal? pe mâini ?John washes his hands? (Alexandra Cornilescu and Alexandru Nicolae) -- Chapter 9. Causative SE: a transitive analysis (Grant Armstrong and Paula Kempchinsky) -- Chapter 10. Light verbs and the syntactic configurations of SE (Alfredo García Pardo) -- Chapter 11. The role of SE and NE in Romance verbs of directed motion. Evidence from Catalan, Italian, Aragonese and Spanish varieties (Anna Pineda) -- Chapter 12. Scalar constraints on anticausative se. The aspectual hypothesis revisited (Margot Vivanco) -- Part IV: A unifying perspective -- Chapter 13. Spanish se as a high and low verbalizer (David Basilico) -- Index. 330 $aThis book makes a novel contribution to our understanding of Romance SE constructions by combining both diachronic and synchronic theoretical perspectives along with a range of empirical data from different languages and dialects. The collection, divided into four sections, proposes that SE constructions may be divided into one class that is the result of grammaticalization of a reflexive pronoun up the syntactic tree, from Voice and above, and another class that has resulted from the reanalysis of reflexive and anticausative morphemes as an argument expletive or verbal morpheme generated in positions from Voice and below. The contributions, while varied in both empirical content and theoretical approach, all serve to highlight different aspects of the overarching idea that SE constructions have evolved from these two distinct grammaticalization paths. The book appeals to researchers and academics in the field and closes with a unified approach to various SE constructions that makes important use of its status as a verbal morpheme. In addition to aligning a novel string of empirical contributions under a new theoretical umbrella, a clear research direction emerges from this volume based on the morphosyntactic nature of SE itself: Is it a clitic, an agreement morpheme, or a verbal morpheme? . 410 0$aStudies in Natural Language and Linguistic Theory,$x2215-0358 ;$v99 606 $aLanguage and languages?Philosophy 606 $aGrammar, Comparative and general?Syntax 606 $aRomance languages 606 $aGrammar, Comparative and general?Morphology 606 $aLinguistics 606 $aPhilosophy of Language 606 $aSyntax 606 $aRomance Languages 606 $aMorphology 606 $aLinguistics 615 0$aLanguage and languages?Philosophy. 615 0$aGrammar, Comparative and general?Syntax. 615 0$aRomance languages. 615 0$aGrammar, Comparative and general?Morphology. 615 0$aLinguistics. 615 14$aPhilosophy of Language. 615 24$aSyntax. 615 24$aRomance Languages. 615 24$aMorphology. 615 24$aLinguistics. 676 $a415 702 $aArmstrong$b Grant 702 $aMacDonald$b Jonathan E. 801 0$bMiAaPQ 801 1$bMiAaPQ 801 2$bMiAaPQ 906 $aBOOK 912 $a9910484094003321 996 $aUnraveling the Complexity of SE$92268927 997 $aUNINA